000 00802nam a2200217Ia 4500
003 IEPS
005 20250703135252.0
008 250223s9999||||xx |||||||||||||| ||und||
020 _a9773275280
040 _CIEPS
041 _aara
082 _a340
100 _aالشافعي حسن أحمد
245 0 _aحقوق الانسان و قانون الطفل في التربية البدنية و الرياضة
245 0 _bعن الشريعة الاسلامية - المواثيق الدولية - الاقليمية - المحلية
260 _aالاسكندرية
_bدار الوفاء لدنيا الطباعة و النشر
_c2005
300 _a428 ص.
_bجداول ، مخططات
_c20 سم.
653 _aالتشريع الرياضي
653 _aالقانون
942 _cكتاب
999 _c11872
_d11872